Specifika marketingu luxusních značek
Guardado en:
| Autor principal: | |
|---|---|
| Formato: | Libro |
| Lenguaje: | checo |
| Publicado: |
Praha
Grada Publishing
2023
|
| Edición: | 1. vydání |
| Materias: | |
| Etiquetas: |
Sin Etiquetas, Sea el primero en etiquetar este registro!
|
MARC
| LEADER | 00000nam a2200000 4500 | ||
|---|---|---|---|
| 001 | 0303075 | ||
| 005 | 20240910115340.3 | ||
| 020 | |a 978-80-271-3921-7 | ||
| 041 | 0 | |a cze | |
| 044 | |a CZ | ||
| 245 | 1 | 0 | |a Specifika marketingu luxusních značek |c Květa Olšanová |
| 250 | |a 1. vydání | ||
| 264 | 1 | |a Praha |b Grada Publishing |c 2023 | |
| 300 | |a 163 s. | ||
| 610 | 2 | 0 | |a marketing |
| 610 | 2 | 0 | |a stratégia marketingová |
| 610 | 2 | 0 | |a značky výrobkov |
| 610 | 2 | 0 | |a štýl životný |
| 100 | 1 | |a Olšanová, Květa | |